Southville International School and Colleges
Your cart is empty.
  • Cart
  • Lists
    Public lists Eva Luna New books Lux_list list_1
    Your lists Log in to create your own lists
  • Log in to your account
  • Your cookies
  • Search history
Southville International School and Colleges
  • Advanced search
  • Recent comments
  • Most popular
  • Libraries

Log in to your account

Log in with GOOGLE


If you do not have an external account, but do have a local account, you can still log in:

  1. Home
  2. MARC view: Corporate communication :
Normal view MARC view ISBD view

Corporate communication : (Record no. 25589)

[ view plain ]
MARC details
000 -LEADER
fixed length control field 00724nam a22002297a 4500
003 - CONTROL NUMBER IDENTIFIER
control field SISC
005 - DATE AND TIME OF LATEST TRANSACTION
control field 20170118144613.0
008 - FIXED-LENGTH DATA ELEMENTS--GENERAL INFORMATION
fixed length control field 131116b xxu||||| |||| 00| 0 eng d
020 ## - INTERNATIONAL STANDARD BOOK NUMBER
International Standard Book Number 9780857022431
050 ## - LIBRARY OF CONGRESS CALL NUMBER
Classification number HD 30.3
Item number .C814 2011
100 ## - MAIN ENTRY--PERSONAL NAME
Personal name Cornelissen, Joep.
245 ## - TITLE STATEMENT
Title Corporate communication :
Statement of responsibility, etc Joep Cornelissen.
Remainder of title a guide to theory and practice /
250 ## - EDITION STATEMENT
Edition statement 3rd edition.
260 ## - PUBLICATION, DISTRIBUTION, ETC. (IMPRINT)
Place of publication, distribution, etc Thousand Oaks, CA :
Name of publisher, distributor, etc SAGE Publications,
Date of publication, distribution, etc 2011.
300 ## - PHYSICAL DESCRIPTION
Extent 272 pages :
Other physical details illustrations ;
Dimensions 25 cm.
504 ## - BIBLIOGRAPHY, ETC. NOTE
Bibliography, etc Includes Bibliographic References and Index.
650 ## - SUBJECT ADDED ENTRY--TOPICAL TERM
Topical term or geographic name as entry element Communication in management.
650 ## - SUBJECT ADDED ENTRY--TOPICAL TERM
Topical term or geographic name as entry element Business communication.
942 ## - ADDED ENTRY ELEMENTS (KOHA)
Source of classification or shelving scheme Library of Congress Classification
Koha item type Books
Call number prefix Foreign
Holdings
Withdrawn status Lost status Source of classification or shelving scheme Damaged status Home library Current library Shelving location Date acquired Source of acquisition Total Checkouts Total Renewals Full call number Barcode Date last seen Date checked out Copy number Price effective from Koha item type Sub Shelving location
    Library of Congress Classification   College Library College Library General Circulation Section 11/16/2013 Donation 3 32 HD 30.3 .C814 2011 C17110 05/15/2018 12/07/2017 1 11/16/2013 Books  
    Library of Congress Classification   College Library College Library General Circulation Section 12/16/2013 Donation     HD 30.3 .C814 2011 C17270 03/14/2017   2 12/16/2013 Books  
    Library of Congress Classification   Southville International School Affiliated with Foreign Universities Library Southville International School Affiliated with Foreign Universities Library Southville Foreign University Section 06/11/2020 Donation     HD 30.3 .C814 2011 SFU0615 06/11/2020     06/11/2020 Books  

Corporate communication :

APA

Cornelissen J., . (2011). Corporate communication. Thousand Oaks, CA: SAGE Publications.

Chicago

Cornelissen Joep, . 2011. Corporate communication. Thousand Oaks, CA: SAGE Publications.

Harvard

Cornelissen J., . (2011). Corporate communication. Thousand Oaks, CA: SAGE Publications.

MLA

Cornelissen Joep, . Corporate communication. Thousand Oaks, CA: SAGE Publications. 2011.

  • Place hold
  • Print
  • Cite
  • Add to your cart (remove)
  • Save record
    BIBTEX Dublin Core MARCXML MARC (non-Unicode/MARC-8) MARC (Unicode/UTF-8) MARC (Unicode/UTF-8, Standard) MODS (XML) RIS
  • More searches
    Search for this title in:
    Other Libraries (WorldCat) Other Databases (Google Scholar) Online Stores (Bookfinder.com) Open Library (openlibrary.org)

Exporting to Dublin Core...

SOUTHVILLE LIBRARY

Southville International School and Colleges Library

1281 Tropical Ave. Cor. Luxembourg St., BF Homes International, Las Pinas City

Tel. No. 8256374 / 252358 Loc. 117/146

Powered by Koha